[Event "4NCL Online Division 4"]
[Site "online"]
[Date "2021.10.19"]
[EventDate "2021.10.19"]
[Round "5.111"]
[White "Tarigopula, Varish"]
[WhiteElo "1366"]
[WhiteTeam "Uxbridge Destroyers"]
[Black "Morgan, Philip D"]
[BlackElo "1786"]
[BlackTeam "Ashfield Anonymous C"]
[Result "0-1"]
[PlyCount "152"]

1. e4 c5 2. Nf3 d6 3. d4 cxd4 4. Nxd4 Nf6 5. Nc3 a6 6. Be3 Ng4 7. Qd2 Nxe3 8. Qxe3 e6 9. Be2 Be7 10. O-O O-O 11. Rad1 Nc6 12. Nb3 b5 13. a3 Bb7 14. Kh1 Qc7 15. f4 Bf6 16. Bf3 g6 17. Rg1 Bg7 18. g4 Rad8 19. f5 Ne5 20. h4 Kh8 21. Qf4 Qe7 22. Kg2 gxf5 23. gxf5 Rg8 24. Kf1 Bf6 25. Rxg8+ Rxg8 26. h5 Bg5 27. Qg3 Nc4 28. Qh2 Ne3+ 29. Ke1 Nxd1 30. Kxd1 e5 31. Qf2 Ba8 32. Ne2 Qd7 33. Qb6 Qc6 34. Qxc6 Bxc6 35. c3 Ba8 36. Kc2 Rd8 37. Kd3 Kg7 38. Ng3 Bf4 39. Ne2 Kf6 40. Na1 d5 41. exd5 Bxd5 42. Bxd5 Rxd5+ 43. Ke4 Rd1 44. Nxf4 exf4 45. Nc2 Rd2 46. Nb4 Rxb2 47. Nxa6 Rb3 48. Nc7 Rxa3 49. Nxb5 Ra4+ 50. Kf3 Kxf5 51. Nd6+ Kg5 52. Nxf7+ Kxh5 53. Ne5 Kg5 54. Ng4 h5 55. Nh2 Ra3 56. Kf2 Rxc3 57. Kg2 Ra3 58. Kg1 h4 59. Kg2 h3+ 60. Kg1 Kh4 61. Kf2 Ra2+ 62. Kg1 Kg3 63. Nf1+ Kf3 64. Nh2+ Ke2 65. Nf1 Ra1 66. Kh2 Rxf1 67. Kxh3 f3 68. Kg3 f2 69. Kg4 Rg1+ 70. Kf4 f1=Q+ 71. Ke4 Qf3+ 72. Kd4 Rg4+ 73. Ke5 Qe4+ 74. Kf6 Rg6+ 75. Kf7 Qe6+ 76. Kf8 Rg8# 0-1

[Event "4NCL Online Division 4"]
[Site "online"]
[Date "2021.10.19"]
[EventDate "2021.10.19"]
[Round "5.112"]
[White "Pettinger, Martin"]
[WhiteElo "1759"]
[WhiteTeam "Ashfield Anonymous C"]
[Black "Gauri, Dhairye"]
[BlackElo "1347"]
[BlackTeam "Uxbridge Destroyers"]
[Result "1-0"]
[PlyCount "133"]

1. e4 e5 2. Bc4 Nf6 3. d3 h6 4. Nc3 Bc5 5. a3 Nc6 6. b4 Bd4 7. Nge2 d6 8. Nxd4 Nxd4 9. h3 O-O 10. O-O Be6 11. Bxe6 fxe6 12. f4 exf4 13. Bxf4 e5 14. Be3 c5 15. Ne2 Qb6 16. c3 Ne6 17. Ng3 a5 18. bxc5 dxc5 19. Rb1 Qc7 20. Qb3 Qd6 21. Nf5 Qd7 22. Bxc5 Rf7 23. Bd6 a4 24. Qa2 Nf4 25. Bxe5 Nxd3 26. Bxf6 gxf6 27. Nxh6+ Kg7 28. Nxf7 Qxf7 29. Qxf7+ Kxf7 30. Rxb7+ Ke6 31. Rb6+ Ke5 32. Rbxf6 Kxe4 33. Re6+ Kd5 34. Rd1 Kxe6 35. Rxd3 Ke5 36. Rd4 Rc8 37. Rxa4 Rxc3 38. Kh2 Kd5 39. Ra8 Ke4 40. a4 Ra3 41. a5 Kd5 42. a6 Kc6 43. h4 Ra5 44. g3 Ra2+ 45. Kh3 Ra5 46. Rg8 Kb6 47. Rg6+ Ka7 48. Kg4 Ra4+ 49. Kh5 Ra5+ 50. Kh6 Rb5 51. g4 Rb8 52. h5 Rh8+ 53. Kg7 Rc8 54. Rf6 Rc4 55. g5 Rc5 56. Kg6 Rc7 57. Rf7 Rxf7 58. Kxf7 Kxa6 59. h6 Ka5 60. h7 Ka4 61. h8=Q Kb3 62. g6 Ka2 63. g7 Kb1 64. g8=Q Ka2 65. Qh3 Ka1 66. Qgg2 Kb1 67. Qhh1# 1-0

[Event "4NCL Online Division 4"]
[Site "online"]
[Date "2021.10.19"]
[EventDate "2021.10.19"]
[Round "5.113"]
[White "Cepoi, Gesneria-Codruta"]
[WhiteElo "1344"]
[WhiteTeam "Uxbridge Destroyers"]
[Black "Bentley, Alex"]
[BlackElo "1726"]
[BlackTeam "Ashfield Anonymous C"]
[Result "1-0"]
[PlyCount "61"]

1. e4 c5 2. Nc3 g6 3. b3 Bg7 4. Bb2 Nc6 5. Nf3 d6 6. g3 Nf6 7. d3 Bg4 8. Be2 O-O 9. h3 Bd7 10. Qd2 Qc8 11. g4 d5 12. Nxd5 Nxd5 13. Bxg7 Kxg7 14. exd5 Nb4 15. c4 a5 16. a3 Na6 17. Qg5 a4 18. Bd1 b5 19. Nd2 Qc7 20. Bf3 h6 21. Qe3 Rae8 22. Kf1 e6 23. Qe4 exd5 24. Qxd5 Re5 25. Qb7 Qd6 26. Rd1 Qxd3+ 27. Kg2 Nb8 28. bxa4 bxc4 29. Qc7 c3 30. Qxe5+ Kg8 31. Ne4 1-0

[Event "4NCL Online Division 4"]
[Site "online"]
[Date "2021.10.19"]
[EventDate "2021.10.19"]
[Round "5.114"]
[White "Wright, Nigel"]
[WhiteElo "1679"]
[WhiteTeam "Ashfield Anonymous C"]
[Black "Martellotta, Gabriele"]
[BlackElo "1333"]
[BlackTeam "Uxbridge Destroyers"]
[Result "1-0"]
[PlyCount "81"]

1. e4 e5 2. Nc3 Nf6 3. f4 d6 4. Nf3 Nbd7 5. Bc4 Be7 6. d3 O-O 7. Be3 Ng4 8. Bd2 Nh6 9. f5 Ng4 10. Qe2 Kh8 11. O-O-O Nb6 12. Bb3 a5 13. a4 Bd7 14. h3 Nf6 15. g4 Bc6 16. g5 Ng8 17. h4 f6 18. gxf6 Bxf6 19. Ng5 d5 20. Ne6 Qd7 21. Nxf8 Rxf8 22. Bg5 Nxa4 23. Nxa4 Bxa4 24. Bxd5 c6 25. Ba2 Qd4 26. Rhg1 Qc5 27. Qg2 Qe7 28. Qf2 c5 29. Rg2 h6 30. Bxf6 Nxf6 31. Rdg1 Nh5 32. Qf3 Be8 33. Bd5 b5 34. Kd2 b4 35. b3 Qa7 36. Ra1 Nf4 37. Rgg1 Rf6 38. Bc4 Bh5 39. Qg3 Ne2 40. Rxa5 Qxa5 41. Qxg7# 1-0

[Event "4NCL Online Division 4"]
[Site "online"]
[Date "2021.10.19"]
[EventDate "2021.10.19"]
[Round "5.121"]
[White "Vadalia, Jainill"]
[WhiteElo "1140"]
[WhiteTeam "Phones Pals B"]
[Black "Oates, Thomas"]
[BlackElo "1670"]
[BlackTeam "Cornish Pirates"]
[Result "1-0"]
[PlyCount "141"]

1. d4 f5 2. Nc3 Nf6 3. Bg5 e6 4. e3 Bb4 5. Bd3 b6 6. Ne2 Bb7 7. f3 h6 8. Bh4 O-O 9. a3 Bxc3+ 10. Nxc3 Qe8 11. Qd2 d6 12. O-O-O a5 13. e4 fxe4 14. fxe4 e5 15. d5 Ba6 16. Rdf1 Bxd3 17. Qxd3 Nh5 18. Nb5 Na6 19. Qc4 Qd7 20. Rxf8+ Rxf8 21. Nxd6 cxd6 22. Qxa6 Qg4 23. Bg3 Qxe4 24. Qxb6 Qxd5 25. Rd1 Qxg2 26. Qxd6 Nxg3 27. hxg3 Qxg3 28. c4 Qf4+ 29. Kb1 e4 30. Qd5+ Kh8 31. Qxa5 e3 32. c5 Qe4+ 33. Ka2 e2 34. Re1 Qc4+ 35. Kb1 Qd3+ 36. Kc1 Rc8 37. Qc3 Qxc3+ 38. bxc3 Rxc5 39. Kd2 Re5 40. a4 Re4 41. Rxe2 Rxa4 42. Kd3 Kh7 43. c4 Kg6 44. c5 Ra6 45. Kd4 Kf6 46. Kd5 g5 47. c6 Ra1 48. Rc2 Rd1+ 49. Kc5 Ke7 50. Rh2 Rd6 51. Re2+ Re6 52. Rxe6+ Kxe6 53. Kb6 Kf5 54. c7 Kg4 55. c8=Q+ Kh4 56. Qh8 h5 57. Qd4+ g4 58. Qg1 Kh3 59. Kc5 h4 60. Kd4 g3 61. Ke3 g2 62. Kf2 Kg4 63. Qxg2+ Kh5 64. Qh3 Kg5 65. Kf3 Kh5 66. Kf4 Kg6 67. Qxh4 Kg7 68. Ke5 Kg8 69. Qe7 Kh8 70. Kf6 Kg8 71. Qg7# 1-0

[Event "4NCL Online Division 4"]
[Site "online"]
[Date "2021.10.19"]
[EventDate "2021.10.19"]
[Round "5.122"]
[White "Miller, Daniel"]
[WhiteElo "1592"]
[WhiteTeam "Cornish Pirates"]
[Black "Suyal, Nivedita"]
[BlackElo "1072"]
[BlackTeam "Phones Pals B"]
[Result "0-1"]
[PlyCount "95"]

1. e4 e5 2. f4 exf4 3. Nf3 Nc6 4. Bc4 Bc5 5. c3 d6 6. d4 Bb6 7. Bxf4 h6 8. O-O Nf6 9. Nbd2 O-O 10. e5 dxe5 11. Nxe5 Bxd4+ 12. cxd4 Qxd4+ 13. Kh1 Nxe5 14. Bb3 Nd3 15. Qf3 Nxf4 16. Qxf4 Qxf4 17. Rxf4 b6 18. Raf1 Bb7 19. Nc4 Bd5 20. Kg1 b5 21. Na5 Bxb3 22. Nxb3 Nd5 23. Rd4 Rad8 24. Rfd1 c6 25. Na5 Rd6 26. Nxc6 Rxc6 27. Rxd5 a6 28. R1d2 Rfc8 29. Rd8+ Rxd8 30. Rxd8+ Kh7 31. Kf1 Rc1+ 32. Ke2 Rc2+ 33. Rd2 Rc6 34. Kd3 Rd6+ 35. Kc3 Rxd2 36. Kxd2 g5 37. Kc3 Kg6 38. Kb4 f5 39. Ka5 f4 40. Kxa6 g4 41. Kxb5 f3 42. gxf3 gxf3 43. a4 f2 44. a5 f1=Q+ 45. Kb4 Qf4+ 46. Kb5 Qe5+ 47. Kb6 Qxb2+ 48. Ka6 0-1

[Event "4NCL Online Division 4"]
[Site "online"]
[Date "2021.10.19"]
[EventDate "2021.10.19"]
[Round "5.123"]
[White "Benson, Alice"]
[WhiteElo "740"]
[WhiteTeam "Phones Pals B"]
[Black "Pope, Martin"]
[BlackElo "1658"]
[BlackTeam "Cornish Pirates"]
[Result "1/2-1/2"]
[PlyCount "103"]

1. e4 c6 2. Nf3 d5 3. Nc3 dxe4 4. Nxe4 Nf6 5. Ng3 g6 6. Bc4 Bg7 7. O-O O-O 8. d4 Bg4 9. c3 Nbd7 10. h3 Bxf3 11. Qxf3 e5 12. Be3 exd4 13. Bxd4 Nb6 14. Bb3 Nfd5 15. Bxg7 Kxg7 16. Rad1 Qf6 17. Qxf6+ Nxf6 18. f4 Rad8 19. f5 Nfd5 20. Bxd5 Nxd5 21. Rfe1 Rfe8 22. fxg6 hxg6 23. c4 Nb6 24. c5 Rxd1 25. Rxd1 Nd5 26. Kf2 Re6 27. a3 Rf6+ 28. Kg1 Rf4 29. b4 a5 30. b5 Rc4 31. bxc6 bxc6 32. Rb1 Rxc5 33. Ne4 Rc2 34. Nd6 Ne3 35. g4 Nc4 36. Nxc4 Rxc4 37. Rb6 Kf6 38. Kf2 Ke5 39. Rb7 f5 40. gxf5 gxf5 41. Re7+ Kf4 42. Ra7 Ra4 43. Rc7 Rxa3 44. Rxc6 Rxh3 45. Rc4+ Kg5 46. Ra4 f4 47. Rxa5+ Kg4 48. Ra8 Rh2+ 49. Kg1 Rb2 50. Ra3 Rd2 51. Kf1 Rb2 52. Rc3 1/2-1/2

[Event "4NCL Online Division 4"]
[Site "online"]
[Date "2021.10.19"]
[EventDate "2021.10.19"]
[Round "5.124"]
[White "Jiménez Patiño, Manuel David"]
[WhiteElo "1620"]
[WhiteTeam "Cornish Pirates"]
[Black "Srivastava, Aditya"]
[BlackElo "654"]
[BlackTeam "Phones Pals B"]
[Result "0-1"]
[PlyCount "34"]

1. c4 e5 2. g3 Nf6 3. Bg2 Bc5 4. Nc3 c6 5. d3 d6 6. Nf3 Be6 7. O-O Qd7 8. a3 Bh3 9. b4 Bb6 10. Bb2 h5 11. a4 h4 12. b5 hxg3 13. a5 gxh2+ 14. Kh1 Bxg2+ 15. Kxg2 h1=Q+ 16. Rxh1 Qg4+ 17. Kf1 Rxh1+ 0-1

[Event "4NCL Online Division 4"]
[Site "online"]
[Date "2021.10.19"]
[EventDate "2021.10.19"]
[Round "5.131"]
[White "Gardiner, Harry"]
[WhiteElo "1698"]
[WhiteTeam "Crewe BOL"]
[Black "Pearce, Mark"]
[BlackElo "1750"]
[BlackTeam "Hackney Hungry"]
[Result "0-1"]
[PlyCount "56"]

1. d4 Nf6 2. c4 c5 3. d5 b5 4. cxb5 a6 5. bxa6 Bxa6 6. Nc3 g6 7. Nf3 d6 8. g3 Bg7 9. Bg2 O-O 10. O-O Nbd7 11. Rb1 Qa5 12. Qc2 Rfb8 13. b3 Ng4 14. Bd2 Qc7 15. h3 Nge5 16. Nxe5 Nxe5 17. f4 Nd7 18. Rfe1 c4 19. Kh2 cxb3 20. axb3 Rc8 21. e4 Rab8 22. Rec1 Nc5 23. Na4 Bd3 24. Qxd3 Nxd3 25. Rxc7 Rxc7 26. b4 Rc2 27. Be3 Re2 28. Bb6 Ne1 0-1

[Event "4NCL Online Division 4"]
[Site "online"]
[Date "2021.10.19"]
[EventDate "2021.10.19"]
[Round "5.132"]
[White "Caceres de la Calle, Eduardo"]
[WhiteElo "1687"]
[WhiteTeam "Hackney Hungry"]
[Black "Czyz, Jarek"]
[BlackElo "1700"]
[BlackTeam "Crewe BOL"]
[Result "0-1"]
[PlyCount "74"]

1. c4 e5 2. Nc3 f5 3. g3 Nc6 4. Bg2 Nf6 5. e3 d5 6. cxd5 Nb4 7. d4 e4 8. Bf1 Nfxd5 9. a3 Nxc3 10. bxc3 Nd5 11. c4 Nb6 12. Bb2 c6 13. Rc1 Be6 14. c5 Nd5 15. Bc4 Be7 16. Ne2 g5 17. Nc3 h5 18. Qb3 Rb8 19. Nxd5 Bxd5 20. Ke2 Kf7 21. a4 h4 22. a5 Kg6 23. Bc3 Bxc4+ 24. Qxc4 Qd7 25. d5 cxd5 26. Qd4 Rbg8 27. Rcd1 Qb5+ 28. Kd2 hxg3 29. fxg3 Bxc5 30. Qf6+ Kh5 31. Qf7+ Kg4 32. Qxd5 Rd8 33. h3+ Kxg3 34. Be5+ Kh4 35. Bg3+ Kxg3 36. Rdg1+ Kh4 37. Rg4+ Kh5 0-1

[Event "4NCL Online Division 4"]
[Site "online"]
[Date "2021.10.19"]
[EventDate "2021.10.19"]
[Round "5.133"]
[White "Nienaber, Kobus"]
[WhiteElo "1535"]
[WhiteTeam "Crewe BOL"]
[Black "Burgoyne, Peter A"]
[BlackElo "1665"]
[BlackTeam "Hackney Hungry"]
[Result "1/2-1/2"]
[PlyCount "163"]

1. d4 Nf6 2. Bf4 b6 3. Nc3 Bb7 4. Nf3 e6 5. Nb5 d6 6. e3 Be7 7. Bd3 Nbd7 8. h3 O-O 9. O-O Ne4 10. Bxe4 Bxe4 11. Nc3 Bb7 12. Re1 c5 13. d5 e5 14. Bg3 f5 15. Qe2 h6 16. Nd2 Nf6 17. f4 e4 18. Qc4 Kh7 19. a4 a5 20. Rad1 Rg8 21. Nf1 g5 22. fxg5 hxg5 23. Qe2 Rg6 24. Qf2 Bc8 25. Nb5 Nh5 26. Bh2 Qf8 27. Ng3 Nxg3 28. Bxg3 Qf6 29. c3 Bd7 30. Rf1 Rf8 31. Qe2 Rfg8 32. b4 cxb4 33. cxb4 axb4 34. Rb1 Rc8 35. Rxb4 Bxb5 36. Rxb5 Bd8 37. Qf2 Rc3 38. Qxf5 Qxf5 39. Rxf5 Rxe3 40. Rf7+ Rg7 41. Rxg7+ Kxg7 42. Bxd6 Kf6 43. Kf2 Rd3 44. Rb4 Rxd5 45. Bg3 Rd2+ 46. Kf1 e3 47. Re4 Rd3 48. Ke2 Rd2+ 49. Kf3 Ra2 50. Be1 Kf5 51. g4+ Kg6 52. Rxe3 Rxa4 53. Rb3 Rf4+ 54. Kg3 Re4 55. Bd2 Bc7+ 56. Kf2 Rc4 57. Rb5 Rc2 58. Rxg5+ Kf6 59. Rf5+ Ke6 60. Ke3 Ra2 61. h4 Ra4 62. Kf3 Ra3+ 63. Be3 Rb3 64. h5 b5 65. h6 Bb6 66. Rxb5 Rxe3+ 67. Kf4 Bd4 68. Kg5 Kf7 69. Rb7+ Kg8 70. Kf4 Re1 71. Kf5 Rf1+ 72. Kg6 Rf6+ 73. Kh5 Be3 74. Rg7+ Kh8 75. Rg6 Rxg6 76. Kxg6 Kg8 77. g5 Bxg5 78. Kxg5 Kh7 79. Kh5 Kh8 80. Kg6 Kg8 81. h7+ Kh8 82. Kh6 1/2-1/2

[Event "4NCL Online Division 4"]
[Site "online"]
[Date "2021.10.19"]
[EventDate "2021.10.19"]
[Round "5.134"]
[White "Landman, Aharon"]
[WhiteElo "1650"]
[WhiteTeam "Hackney Hungry"]
[Black "Crosby, Andrew"]
[BlackElo "1435"]
[BlackTeam "Crewe BOL"]
[Result "1-0"]
[PlyCount "77"]

1. e4 Nc6 2. Bc4 e6 3. Nf3 d5 4. exd5 exd5 5. Qe2+ Be7 6. Bb3 Nf6 7. d4 O-O 8. O-O Re8 9. Ne5 Nxd4 10. Qd3 Nxb3 11. Qxb3 Bd6 12. Nf3 Bg4 13. h3 Bxf3 14. Qxf3 Ne4 15. Nd2 Qf6 16. Qb3 Nc5 17. Qxd5 c6 18. Qh5 Rad8 19. Nf3 Bc7 20. Qxc5 b6 21. Qa3 a5 22. Bg5 Qd6 23. Bxd8 Qxd8 24. Rad1 Qf6 25. Rd7 Bf4 26. Qb3 Qf5 27. Rfd1 h5 28. Qxb6 g5 29. Rd8 Rxd8 30. Qxd8+ Kg7 31. g3 Bxg3 32. fxg3 Qxf3 33. Qxg5+ Kh7 34. Rd7 c5 35. Rd2 c4 36. Rf2 Qd1+ 37. Kg2 Qd7 38. Qxh5+ Kg8 39. Qg4+ 1-0

[Event "4NCL Online Division 4"]
[Site "online"]
[Date "2021.10.19"]
[EventDate "2021.10.19"]
[Round "5.141"]
[White "Thackray, John"]
[WhiteElo "1929"]
[WhiteTeam "St Andrews White Cross"]
[Black "Trudeau, Gary"]
[BlackElo "1745"]
[BlackTeam "Calstock Killers"]
[Result "1-0"]
[PlyCount "69"]

1. c4 Nf6 2. d4 g6 3. Nc3 Bg7 4. e4 d6 5. f3 O-O 6. Be3 Nc6 7. Qd2 e5 8. d5 Ne7 9. O-O-O Ne8 10. c5 f5 11. Kb1 Nf6 12. cxd6 cxd6 13. Bc4 Qc7 14. Bb3 a6 15. Rc1 f4 16. Bf2 Qa5 17. Nge2 b5 18. Rhd1 Bd7 19. g3 b4 20. gxf4 bxc3 21. Nxc3 Bh6 22. Be3 Kh8 23. fxe5 Bxe3 24. Qxe3 dxe5 25. Qg5 Neg8 26. Qxe5 Rae8 27. Qd4 Bc8 28. e5 Nh5 29. e6+ Nhf6 30. Ne4 Kg7 31. Nd6 Rd8 32. Qa7+ Kh6 33. Nf7+ Kh5 34. Nxd8 Qxd8 35. d6 1-0

[Event "4NCL Online Division 4"]
[Site "online"]
[Date "2021.10.19"]
[EventDate "2021.10.19"]
[Round "5.142"]
[White "Hill, Michael"]
[WhiteElo "1701"]
[WhiteTeam "Calstock Killers"]
[Black "Triffitt, Bradley"]
[BlackElo "1589"]
[BlackTeam "St Andrews White Cross"]
[Result "1/2-1/2"]
[PlyCount "47"]

1. Nf3 d5 2. c4 e6 3. e3 Nf6 4. d4 c5 5. cxd5 Nxd5 6. dxc5 Bxc5 7. a3 Qf6 8. Be2 Nc6 9. O-O Bd7 10. Qc2 Bb6 11. e4 Nf4 12. Bxf4 Qxf4 13. Nc3 O-O 14. Rad1 Rfd8 15. g3 Qf6 16. Na4 Nd4 17. Nxd4 Bxd4 18. b4 Rac8 19. Qb3 Bc6 20. Bd3 Qf3 21. Bc2 Qxb3 22. Bxb3 Bxe4 23. Rc1 Bf3 24. Bc2 1/2-1/2

[Event "4NCL Online Division 4"]
[Site "online"]
[Date "2021.10.19"]
[EventDate "2021.10.19"]
[Round "5.143"]
[White "Bettley, Mark S"]
[WhiteElo "1543"]
[WhiteTeam "St Andrews White Cross"]
[Black "Kirkman, Nigel J"]
[BlackElo "1692"]
[BlackTeam "Calstock Killers"]
[Result "1-0"]
[PlyCount "71"]

1. e4 e6 2. d4 d5 3. Nd2 c5 4. exd5 Qxd5 5. Ndf3 cxd4 6. Qxd4 Nf6 7. Bd3 Bc5 8. Qxd5 Nxd5 9. a3 a5 10. Ne2 O-O 11. O-O Nc6 12. Bd2 f6 13. Rad1 Kh8 14. Rfe1 Nc7 15. Nc3 e5 16. h3 Be6 17. Ne4 Be7 18. Be3 f5 19. Nc3 e4 20. Nxe4 fxe4 21. Bxe4 Rad8 22. Rxd8 Rxd8 23. Bb6 Bd6 24. Bxc6 bxc6 25. Bxc7 Bxc7 26. Rxe6 Rd1+ 27. Ne1 h6 28. Kf1 Bf4 29. Rxc6 Rb1 30. Ke2 Be5 31. Nd3 Bf6 32. Rc5 Rg1 33. Kf3 Rd1 34. Rxa5 Rd2 35. Rc5 Bd4 36. Rc6 1-0

[Event "4NCL Online Division 4"]
[Site "online"]
[Date "2021.10.19"]
[EventDate "2021.10.19"]
[Round "5.144"]
[White "Young, Andy"]
[WhiteElo "1504"]
[WhiteTeam "Calstock Killers"]
[Black "Scott, Ian"]
[BlackElo "1594"]
[BlackTeam "St Andrews White Cross"]
[Result "1-0"]
[PlyCount "55"]

1. e4 c6 2. Nc3 d5 3. Nf3 dxe4 4. Nxe4 Bf5 5. Ng3 Bg6 6. h4 h6 7. Ne5 Bh7 8. Qh5 g6 9. Bc4 e6 10. Qf3 Nf6 11. Qe3 Bg7 12. Nxf7 Nd5 13. Qxe6+ Qe7 14. Qxe7+ Nxe7 15. Nxh8 Bxh8 16. d3 Nd7 17. Be6 O-O-O 18. Bxh6 Bxb2 19. Rb1 Bc3+ 20. Bd2 Bd4 21. Ne4 Kb8 22. Be3 Bg7 23. Bg5 Nf8 24. Bxe7 Re8 25. Bd6+ Ka8 26. Bf7 Rd8 27. Bxf8 Bxf8 28. Ng5 1-0

[Event "4NCL Online Division 4"]
[Site "online"]
[Date "2021.10.19"]
[EventDate "2021.10.19"]
[Round "5.151"]
[White "Bentley, John L"]
[WhiteElo "2146"]
[WhiteTeam "Ashton"]
[Black "Coote, Trevor D"]
[BlackElo "2072"]
[BlackTeam "Brentwood Juniors"]
[Result "1/2-1/2"]
[PlyCount "77"]

1. d4 Nf6 2. c4 e6 3. g3 d5 4. Nf3 dxc4 5. Bg2 c5 6. O-O Nc6 7. dxc5 Qxd1 8. Rxd1 Bxc5 9. Nbd2 c3 10. bxc3 O-O 11. Nb3 Be7 12. Nfd4 Nxd4 13. cxd4 Nd5 14. Bd2 f5 15. Na5 Bf6 16. e3 b6 17. Nc6 Bb7 18. Ne5 Bxe5 19. dxe5 Rac8 20. a4 Rc5 21. a5 b5 22. a6 Ba8 23. e4 fxe4 24. Bxe4 Rb8 25. f3 b4 26. Rdb1 g6 27. Be1 Kf7 28. Bf2 Rc7 29. Rb2 h6 30. h4 g5 31. hxg5 hxg5 32. Kg2 g4 33. Rh1 gxf3+ 34. Bxf3 Nf4+ 35. gxf4 Rg8+ 36. Bg3 Bxf3+ 37. Kxf3 Rc3+ 38. Kf2 Rgxg3 39. Rxb4 1/2-1/2

[Event "4NCL Online Division 4"]
[Site "online"]
[Date "2021.10.19"]
[EventDate "2021.10.19"]
[Round "5.152"]
[White "Pert, Nina"]
[WhiteElo "1871"]
[WhiteTeam "Brentwood Juniors"]
[Black "McBeath, Joel"]
[BlackElo "1686"]
[BlackTeam "Ashton"]
[Result "1-0"]
[PlyCount "82"]

1. e4 e5 2. Nf3 Nc6 3. Bc4 Bc5 4. c3 Nf6 5. d4 exd4 6. cxd4 Bb4+ 7. Nc3 Nxe4 8. O-O Bxc3 9. d5 Bf6 10. Re1 Ne7 11. Rxe4 d6 12. Bg5 Bxg5 13. Nxg5 h6 14. Qe2 hxg5 15. Re1 Be6 16. dxe6 f6 17. Re3 c6 18. Rb3 Qc7 19. g3 d5 20. Bd3 O-O-O 21. Ba6 Nf5 22. Bxb7+ Qxb7 23. Rxb7 Kxb7 24. Qg4 g6 25. Qa4 Rhe8 26. g4 Nd6 27. Qb4+ Kc7 28. Qa5+ Kb7 29. b3 f5 30. Qb4+ Kc7 31. Qc5 Nb7 32. Qxa7 Ra8 33. Qd4 fxg4 34. Qxg4 Rxa2 35. Qxg5 Raa8 36. Kh1 Nc5 37. Rc1 Nxe6 38. Qxd5 Ra6 39. b4 Rb6 40. b5 c5 41. Ra1 Rc6 1-0

[Event "4NCL Online Division 4"]
[Site "online"]
[Date "2021.10.19"]
[EventDate "2021.10.19"]
[Round "5.153"]
[White "Acharya, Kandara"]
[WhiteElo "1604"]
[WhiteTeam "Ashton"]
[Black "Pert, Max"]
[BlackElo "1692"]
[BlackTeam "Brentwood Juniors"]
[Result "0-1"]
[PlyCount "84"]

1. e4 c6 2. d4 d5 3. Nc3 dxe4 4. Nxe4 Nf6 5. Ng3 h5 6. h4 c5 7. Nf3 Nc6 8. Bb5 Qa5+ 9. c3 Qxb5 10. a4 Qb6 11. dxc5 Qc7 12. O-O Bg4 13. Qe2 e6 14. b4 a5 15. Qc4 Bxf3 16. gxf3 Be7 17. Bf4 e5 18. Bg5 O-O 19. Nf5 Qd7 20. Nxe7+ Qxe7 21. b5 Nd8 22. Rfe1 Rc8 23. Rad1 Qxc5 24. Qxc5 Rxc5 25. Rd3 Ne6 26. Kg2 Rfc8 27. Rde3 Nf4+ 28. Bxf4 exf4 29. Re7 R5c7 30. Rxc7 Rxc7 31. Rc1 b6 32. Kf1 Nd5 33. c4 Ne7 34. Ke2 Nc8 35. Kd3 Nd6 36. Rc3 Kf8 37. Kd4 Ke7 38. c5 Rxc5 39. Rxc5 bxc5+ 40. Kxc5 g5 41. hxg5 h4 42. b6 h3 0-1

[Event "4NCL Online Division 4"]
[Site "online"]
[Date "2021.10.19"]
[EventDate "2021.10.19"]
[Round "5.154"]
[White "Willoughby, Christopher"]
[WhiteElo "1683"]
[WhiteTeam "Brentwood Juniors"]
[Black "Williamson, Ben"]
[BlackElo "1300"]
[BlackTeam "Ashton"]
[Result "0-1"]
[PlyCount "72"]

1. e4 c5 2. Nf3 d6 3. d4 cxd4 4. Nxd4 Nf6 5. Nc3 g6 6. f4 Nc6 7. Nxc6 bxc6 8. e5 Nd7 9. exd6 exd6 10. Be2 Nf6 11. O-O Bg7 12. Bf3 d5 13. Qe2+ Be6 14. Be3 Nd7 15. Rad1 O-O 16. Bd4 Bxd4+ 17. Rxd4 Qb6 18. Rd1 Qxb2 19. Nb1 Qxa2 20. g4 Nc5 21. f5 Bd7 22. Qe7 Qa5 23. Qg5 Rae8 24. c3 Qb6 25. Kh1 Re5 26. Qh6 Qd8 27. g5 Rxf5 28. Rh4 Re8 29. Bg4 Qxg5 30. Qxh7+ Kf8 31. Qh8+ Ke7 32. Re1+ Kd8 33. Rxe8+ Bxe8 34. Bxf5 Qxf5 35. Nd2 Ne4 36. Nxe4 Qf1# 0-1

[Event "4NCL Online Division 4"]
[Site "online"]
[Date "2021.10.19"]
[EventDate "2021.10.19"]
[Round "5.161"]
[White "Bailey, Adrian"]
[WhiteElo "1678"]
[WhiteTeam "Shropshire and Friends 5"]
[Black "Angelopoulos, Andreas"]
[BlackElo "1477"]
[BlackTeam "Barnet Knights C"]
[Result "0-1"]
[PlyCount "102"]

1. Nf3 Nf6 2. d4 b6 3. g3 Bb7 4. Bg2 d6 5. O-O Nbd7 6. c4 e6 7. Nc3 Be7 8. Qc2 O-O 9. e4 e5 10. dxe5 Nxe5 11. Nxe5 dxe5 12. Rd1 Qc8 13. Nd5 Nxd5 14. cxd5 Rd8 15. Be3 c6 16. Rac1 cxd5 17. exd5 Qxc2 18. Rxc2 Rac8 19. Rxc8 Bxc8 20. Rc1 Bd6 21. a4 Bb7 22. Bg5 f6 23. Be3 Rc8 24. Kf1 Rxc1+ 25. Bxc1 Ba6+ 26. Ke1 Bb4+ 27. Kd1 Bd3 28. Bd2 a5 29. Bxb4 axb4 30. Kd2 Bc4 31. Kc2 Kf7 32. b3 Ba6 33. Be4 g6 34. Bd3 Bb7 35. Bc4 Ke7 36. Kd3 Kd6 37. Kc2 Bxd5 38. Bb5 Kc5 39. h4 h6 40. Be8 g5 41. Bg6 Kd4 42. Bf5 Be4+ 43. Bxe4 Kxe4 44. Kd2 Kf3 45. hxg5 hxg5 46. Kd3 Kxf2 47. Kc4 e4 48. Kxb4 e3 49. a5 bxa5+ 50. Kxa5 e2 51. b4 e1=Q 0-1

[Event "4NCL Online Division 4"]
[Site "online"]
[Date "2021.10.19"]
[EventDate "2021.10.19"]
[Round "5.163"]
[White "Love, Phil"]
[WhiteElo "1599"]
[WhiteTeam "Shropshire and Friends 5"]
[Black "Zholnin, Ivan"]
[BlackElo "1265"]
[BlackTeam "Barnet Knights C"]
[Result "1-0"]
[PlyCount "92"]

1. d4 d5 2. Bf4 Nf6 3. c4 Bf5 4. e3 e6 5. Nf3 c5 6. Nbd2 Nc6 7. cxd5 exd5 8. Bb5 a6 9. Bxc6+ bxc6 10. Qa4 Bd7 11. Ne5 Qc8 12. O-O cxd4 13. exd4 c5 14. Nxd7 Qxd7 15. Rfe1+ Be7 16. Qxd7+ Kxd7 17. Nb3 Rhc8 18. Rad1 a5 19. Be5 c4 20. Nd2 Rc6 21. Rc1 Ke8 22. Nf3 Kf8 23. b3 Bb4 24. Re2 c3 25. Bxf6 gxf6 26. Rec2 Rac8 27. Ne1 Ba3 28. Rb1 Re6 29. Kf1 Re4 30. Rd1 Rh4 31. h3 Re4 32. g4 h5 33. gxh5 Rh4 34. Rd3 Bb4 35. Ng2 Rxh5 36. Rf3 a4 37. Ne3 axb3 38. axb3 Ra8 39. Rxf6 Ra1+ 40. Kg2 Rb1 41. Rb6 Rxb3 42. Rb5 Rg5+ 43. Kf3 Rg1 44. Nxd5 Rd1 45. Rxb4 Rd3+ 46. Ke2 Rd2+ 1-0

[Event "4NCL Online Division 4"]
[Site "online"]
[Date "2021.10.19"]
[EventDate "2021.10.19"]
[Round "5.164"]
[White "Rowland, Benjamin"]
[WhiteElo "1108"]
[WhiteTeam "Barnet Knights C"]
[Black "Salter, Ivor"]
[BlackElo "1590"]
[BlackTeam "Shropshire and Friends 5"]
[Result "0-1"]
[PlyCount "172"]

1. e4 d5 2. exd5 Nf6 3. Nc3 Nxd5 4. Nxd5 Qxd5 5. Nf3 Nc6 6. d4 Bf5 7. Bd3 Bxd3 8. Qxd3 e6 9. O-O Be7 10. Bf4 Qd7 11. c3 O-O 12. Ne5 Nxe5 13. Bxe5 f6 14. Bg3 Rad8 15. Qe3 Bd6 16. Rfe1 Rfe8 17. Rad1 Bxg3 18. Qxg3 Qd6 19. Qg4 c6 20. Re3 Re7 21. Rde1 Rde8 22. Rf3 Rf7 23. h3 Qd5 24. b3 b5 25. Rfe3 Rfe7 26. Rg3 Qf5 27. Qxf5 exf5 28. Rge3 Rxe3 29. Rxe3 Rxe3 30. fxe3 Kf7 31. Kf2 Ke6 32. Kf3 a6 33. e4 fxe4+ 34. Kxe4 f5+ 35. Kf4 Kf6 36. a3 g5+ 37. Ke3 h5 38. g3 Ke6 39. c4 Kd6 40. c5+ Kd5 41. Kd3 a5 42. Ke3 Ke6 43. h4 g4 44. Kf4 Kf6 45. d5 cxd5 46. c6 Ke6 47. c7 Kd7 48. c8=Q+ Kxc8 49. Kxf5 Kd7 50. Ke5 Kc6 51. Kd4 Kd6 52. b4 a4 53. Kd3 Ke5 54. Ke3 d4+ 55. Kd3 Kd5 56. Kd2 Ke4 57. Ke2 d3+ 58. Kd2 Kd4 59. Ke1 Ke3 60. Kd1 Kf3 61. Kd2 Kxg3 62. Kxd3 Kf3 63. Kd4 g3 64. Kc5 g2 65. Kxb5 g1=Q 66. Ka6 Qe3 67. b5 Qxa3 68. b6 Qb3 69. b7 a3 70. Ka7 Qxb7+ 71. Kxb7 a2 72. Kc6 a1=Q 73. Kd5 Kg4 74. Ke6 Kxh4 75. Kf5 Qf1+ 76. Kg6 Kg4 77. Kh6 h4 78. Kg6 h3 79. Kh6 h2 80. Kg6 Kf4 81. Kf6 h1=Q 82. Ke6 Qe4+ 83. Kd6 Qd1+ 84. Kc5 Qec2+ 85. Kb4 Qdb1+ 86. Ka3 Qca2# 0-1